| 000 | 00409nam a2200097Ia 4500 | ||
|---|---|---|---|
| 008 | 180130s9999 xx 000 0 und d | ||
| 245 |
_cFriedman, Sarah L.; Melhuish, Edward; Hill, Candace _aChildcare research at the dawn of a new millennium: an update |
||
| 260 | _c2014 | ||
| 300 | _aBook title: Blackwell handbook of infant development--Acession number C19029; pages 1013-1033 | ||
| 650 | _aINFANTS--DEVELOPMENT | ||
| 999 |
_c354056 _d354056 |
||